000 00531nam a2200181Ia 4500
008 240729s9999 xx 000 0 und d
022 _a2468-6484
245 0 _aHeart and Mind
260 _aIndia
260 _bWolters Kluwer Medknow Publications
650 _a Diseases of the circulatory (Cardiovascular) system
650 _a Internal medicine
650 _a Specialties of internal medicine
650 _aMedicine
856 _uhttps://doaj.org/toc/86e8bcf8f1494e06a898a3c489b4c43d
942 _2ddc
942 _cDOAJEJ
999 _c66479
_d66479
945 _a1
_bMadushi Gamage
_c1
_dMadushi Gamage